El protocolo en la sociedad y en la empresa / (Record no. 189841)

MARC details
000 -LEADER
campo de control de longitud fija 01011nam a2200265 i 4500
001 - NÚMERO DE CONTROL
campo de control 189841
003 - IDENTIFICADOR DE NÚMERO DE CONTROL
campo de control ES-MaACL
005 - FECHA Y HORA DE LA ÚLTIMA TRANSACCIÓN
campo de control 20250930063201.0
008 - DATOS DE LONGITUD FIJA--INFORMACIÓN GENERAL
campo de control de longitud fija 191205s2001 sp a 001 0 spa d
020 ## - NÚMERO INTERNACIONAL ESTÁNDAR DEL LIBRO
Número Internacional Estándar del Libro 84-605-6417-7
080 ## - NÚMERO DE LA CLASIFICACIÓN DECIMAL UNIVERSAL
Número de la Clasificación Decimal Universal 395:658
100 1# - ENTRADA PRINCIPAL--NOMBRE DE PERSONA
Nombre de persona Rueda Cuenca, Fernando,
Fechas asociadas al nombre 1958-
9 (RLIN) 169030
245 13 - MENCIÓN DEL TÍTULO
Título El protocolo en la sociedad y en la empresa /
Mención de responsabilidad, etc. Fernando Rueda Cuenca, José Carlos Sanjuán Monforte ; prólogo, el vizconde del Castillo de Almansa ; ilustraciones, Antonio Mingote.
250 ## - MENCION DE EDICION
Mención de edición 2ª ed.
260 ## - PUBLICACIÓN, DISTRIBUCIÓN, ETC.
Lugar de publicación, distribución, etc. Madrid :
Nombre del editor, distribuidor, etc. Unión Eléctrica Fenosa,
Fecha de publicación, distribución, etc. 2001.
300 ## - DESCRIPCIÓN FÍSICA
Extensión 210 p. :
Otras características físicas il. ;
Dimensiones 28 x 15 cm.
504 ## - NOTA DE BIBLIOGRAFÍA, ETC.
Nota de bibliografía, etc. Bibliografía: p. 205-209.
650 ## - PUNTO DE ACCESO ADICIONAL DE MATERIA--TÉRMINO DE MATERIA
Término de materia o nombre geográfico como elemento de entrada Etiqueta.
9 (RLIN) 12596
700 1# - ENTRADA AGREGADA--NOMBRE PERSONAL
Nombre de persona Sanjuán Monforte, José Carlos (
Fechas asociadas al nombre 1962-)
9 (RLIN) 169032
700 1# - ENTRADA AGREGADA--NOMBRE PERSONAL
Nombre de persona Mingote, Antonio,
Fechas asociadas al nombre 1919-2012
9 (RLIN) 240761
710 2# - ENTRADA AGREGADA--NOMBRE DE ENTIDAD CORPORATIVA
Nombre de entidad corporativa o nombre de jurisdicción como elemento de entrada Unión Fenosa.
9 (RLIN) 169033
852 ## - LOCALIZACIÓN
Ubicación ES-MaACL
Número de control de estantería A-14601
itemnumber 196985
Sublocalización o colección R.153014
Ubicación en estantería Depósito 1
Signatura antigua Olim: N-7601
Donativo/Legado Donación: Editorial
942 ## - ELEMENTOS DE ENTRADA SECUNDARIOS (KOHA)
Fuente del sistema de clasificación o colocación Clasificación decimal universal
Holdings
Estatus retirado Estado de pérdida Fuente del sistema de clasificación o colocación Estado de daño No para préstamo Biblioteca de origen Biblioteca actual Ubicación en estantería Fecha de adquisición Fuente de adquisición Total de préstamos Signatura topográfica completa Código de barras Visto por última vez Precio de reemplazo Tipo de ítem Koha
    Clasificación decimal universal     Biblioteca del Ateneo de Madrid Biblioteca del Ateneo de Madrid Depósito 1 05/12/2019 Donación   A-14601 1201358 23/02/2023 23/02/2023 Libro impreso